[Event "C.to Regionale Veneto"]
[Site "Arqua' Petrarca ITA"]
[Date "2006.05.14"]
[Round "5"]
[White "Quaranta, Cristiano"]
[Black "Danieli, Enrico"]
[Result "1/2-1/2"]
[WhiteElo "2083"]
[BlackElo "2143"]
[PlyCount "137"]
[EventDate "2006.05.06"]

1. d4 d6 2. e4 g6 3. Nc3 Bg7 4. h3 Nc6 5. Be3 e5 6. Nf3 exd4 7. Nxd4 Nf6 8. Be2
O-O 9. Nxc6 bxc6 10. O-O Re8 11. Bf3 Nd7 12. Qd2 Nb6 13. Be2 Bxc3 14. Qxc3 Rxe4
15. Qxc6 Qe8 16. Qxc7 Bf5 17. Qxd6 Rd8 18. Qf6 Nd5 19. Qg5 Re5 20. Bd1 Bd3 21.
cxd3 Rxg5 22. Bxg5 Rb8 23. Bb3 Qe5 24. Bh4 Re8 25. Bg3 Qd4 26. Rfe1 Re6 27. Bc4
h5 28. Rxe6 fxe6 29. Re1 Kf7 30. Be5 Qb6 31. Re4 a5 32. Bxd5 exd5 33. Rf4+ Ke8
34. Bc3 g5 35. Ra4 Qb5 36. Rxa5 Qxd3 37. Kh2 Qe4 38. Bd2 g4 39. Ra3 Qe5+ 40. g3
Qxb2 41. Rd3 d4 42. hxg4 hxg4 43. Kg2 Ke7 44. a4 Ke6 45. Bf4 Qb7+ 46. f3 gxf3+
47. Rxf3 Kd5 48. Rf2 d3 49. Rd2 Kc4+ 50. Kf2 Qb6+ 51. Kf3 Qc6+ 52. Kg4 Qxa4 53.
Kf3 Qc6+ 54. Kf2 Qe4 55. Be3 Qh1 56. Bf4 Kc3 57. g4 Qh4+ 58. Kf3 Qh1+ 59. Kf2
Qe4 60. Kg3 Qe1+ 61. Kg2 Qe4+ 62. Kg3 Qe1+ 63. Kg2 Qh4 64. Kf3 Qh3+ 65. Ke4
Qh7+ 66. Kf3 Qb7+ 67. Ke3 Qb6+ 68. Ke4 Qe6+ 69. Kf3 1/2-1/2

[Event "C.to Regionale Veneto"]
[Site "Arqua' Petrarca ITA"]
[Date "2006.05.14"]
[Round "5"]
[White "Ravagnani, Tiziano"]
[Black "Quaranta, Gaetano"]
[Result "1-0"]
[WhiteElo "2055"]
[BlackElo "1619"]
[PlyCount "45"]
[EventDate "2006.05.06"]

1. e4 e5 2. Nf3 Nc6 3. Nc3 Nf6 4. Bb5 d6 5. O-O Be7 6. d4 exd4 7. Nxd4 Bd7 8.
Nf5 Bxf5 9. exf5 O-O 10. g4 h6 11. f4 Nh7 12. Nd5 a6 13. Bd3 Bh4 14. g5 hxg5
15. fxg5 Bxg5 16. f6 g6 17. Bxg5 Nxg5 18. Qg4 Nh7 19. Bxg6 Nxf6 20. Nxf6+ Kg7
21. Be4+ Kh6 22. Qh5+ Kg7 23. Qh7# 1-0

[Event "C.to Regionale Veneto"]
[Site "Arqua' Petrarca ITA"]
[Date "2006.05.14"]
[Round "5"]
[White "Rosina, Graziano"]
[Black "Gallo, Enrico"]
[Result "0-1"]
[WhiteElo "1772"]
[BlackElo "2096"]
[PlyCount "88"]
[EventDate "2006.05.06"]

1. e4 c5 2. Nf3 e6 3. d4 cxd4 4. c3 dxc3 5. Nxc3 a6 6. Bc4 b5 7. Bb3 d6 8. O-O
Nd7 9. Qe2 Nc5 10. Bc2 Qc7 11. Bf4 Bb7 12. a3 Be7 13. Rfd1 e5 14. Bg3 Nf6 15.
Rac1 O-O 16. b4 Ncd7 17. Bb3 Qb6 18. Nd5 Nxd5 19. Bxd5 Bxd5 20. exd5 Qb7 21.
Bh4 Nb6 22. Bxe7 Qxe7 23. Rc6 Nc4 24. a4 Qf6 25. a5 Rfc8 26. Qe4 Qd8 27. Nd2
Rxc6 28. dxc6 d5 29. Qe2 Qc7 30. Nxc4 dxc4 31. Qe4 Rd8 32. Rd7 Kf8 33. Qd5 Rxd7
34. cxd7 Ke7 35. d8=Q+ Qxd8 36. Qxe5+ Kf8 37. Qc5+ Qe7 38. Qc8+ Qe8 39. Qc5+
Kg8 40. Kf1 g6 41. g3 Qe4 42. Qc8+ Kg7 43. Qxa6 Qd3+ 44. Kg2 c3 0-1

[Event "C.to Regionale Veneto"]
[Site "Arqua' Petrarca ITA"]
[Date "2006.05.14"]
[Round "5"]
[White "Vianello, Enrico"]
[Black "Solinas, Carlo"]
[Result "1-0"]
[WhiteElo "2094"]
[BlackElo "2068"]
[PlyCount "112"]
[EventDate "2006.05.06"]

1. d4 h6 2. e4 d6 3. Nc3 Nf6 4. h3 Nc6 5. Nf3 e5 6. dxe5 dxe5 7. Qxd8+ Kxd8 8.
Be3 Bd6 9. O-O-O Ke7 10. Nd2 Be6 11. Bc4 a6 12. a4 b5 13. axb5 axb5 14. Bxb5
Ra1+ 15. Ndb1 Nb4 16. f3 Rb8 17. Be2 Na2+ 18. Nxa2 Bxa2 19. Kd2 Rxb2 20. Nc3
Rxd1+ 21. Nxd1 Rb1 22. Bd3 Ra1 23. c4 Ba3 24. Nf2 Rxh1 25. Nxh1 Bb3 26. Kc3 Ba2
27. Ng3 Nd7 28. Ne2 Kd6 29. Nc1 Bxc1 30. Bxc1 Nc5 31. Bc2 Kc6 32. Be3 Kd6 33.
Bd1 Bb1 34. Be2 Nxe4+ 35. fxe4 Bxe4 36. Bf3 Bb1 37. c5+ Kd7 38. Kc4 c6 39. Kb4
f5 40. g4 f4 41. Bc1 g5 42. Kc3 e4 43. Bd1 Ba2 44. Kd4 Bd5 45. Be2 e3 46. Bf1
Bf3 47. Kd3 Ke6 48. Bb2 Kd5 49. Bg7 Be4+ 50. Ke2 Kc4 51. Bxh6 Bd3+ 52. Ke1 f3
53. Bxd3+ Kxd3 54. Bxg5 f2+ 55. Kf1 Ke4 56. Bxe3 Kxe3 1-0

[Event "C.to Regionale Veneto"]
[Site "Arqua' Petrarca ITA"]
[Date "2006.05.14"]
[Round "5"]
[White "Zangrando, Gianpietro"]
[Black "Tegani, Andrea"]
[Result "1-0"]
[WhiteElo "1939"]
[BlackElo "1398"]
[PlyCount "77"]
[EventDate "2006.05.06"]

1. Nf3 d5 2. d4 Nf6 3. Bf4 e6 4. e3 c5 5. c3 Nbd7 6. Na3 a6 7. Qa4 Be7 8. dxc5
Bxc5 9. Be2 O-O 10. O-O Nb6 11. Qa5 Bd6 12. Bxd6 Qxd6 13. Rfd1 Bd7 14. c4 Rac8
15. b4 Qc7 16. c5 Na4 17. Qxc7 Rxc7 18. Rac1 Ne4 19. Nb1 Rfc8 20. Ne5 Nf6 21.
Rd2 Bb5 22. Bxb5 axb5 23. Na3 Ne4 24. Rdc2 Nec3 25. Rxc3 Nxc3 26. Rxc3 Ra8 27.
g3 f6 28. Nxb5 Re7 29. Nd3 Rxa2 30. Nd6 Rc7 31. Nf4 e5 32. Nxd5 Rd7 33. e4 Rd8
34. Nxb7 Rda8 35. Na5 Ra1+ 36. Kg2 Re1 37. c6 Rxe4 38. c7 Rc8 39. Ne7+ 1-0

[Event "C.to Regionale Veneto"]
[Site "Arqua' Petrarca ITA"]
[Date "2006.05.14"]
[Round "5"]
[White "Zanini, Andrea"]
[Black "Pomaro, Stefano"]
[Result "0-1"]
[WhiteElo "1700"]
[BlackElo "1933"]
[PlyCount "66"]
[EventDate "2006.05.06"]

1. d4 f5 2. c4 Nf6 3. Nc3 e6 4. a3 d5 5. Bg5 Be7 6. e3 O-O 7. Nf3 c6 8. Be2
Nbd7 9. c5 Qe8 10. h4 Ne4 11. Nxe4 dxe4 12. Nd2 Nf6 13. h5 Nd5 14. Bxe7 Qxe7
15. Nc4 f4 16. Kd2 Qg5 17. Qg1 Bd7 18. Nd6 Nf6 19. g4 e5 20. Bc4+ Kh8 21. Nf7+
Rxf7 22. Bxf7 exd4 23. exd4 Bxg4 24. f3 exf3 25. Re1 Rd8 26. Kc3 Qf5 27. Re5 f2
28. Qf1 Ne4+ 29. Rxe4 Qxe4 30. Qxf2 Qxh1 31. Qxf4 Qf3+ 32. Qxf3 Bxf3 33. b4 Bd5
0-1

[Event "C.to Regionale Veneto"]
[Site "Arqua' Petrarca ITA"]
[Date "2006.05.14"]
[Round "5"]
[White "Zanirato, Stefano"]
[Black "Troise, Salvatore"]
[Result "1/2-1/2"]
[WhiteElo "1979"]
[BlackElo "1679"]
[PlyCount "20"]
[EventDate "2006.05.06"]

1. Nf3 f5 2. d4 d5 3. Bf4 Nf6 4. e3 e6 5. Be2 Bd6 6. Bxd6 Qxd6 7. O-O O-O 8. a3
Nbd7 9. Nbd2 Ne4 10. c4 c6 1/2-1/2

[Event "C.to Regionale Veneto"]
[Site "Arqua' Petrarca ITA"]
[Date "2006.05.14"]
[Round "6"]
[White "Andolfatto, Biagio"]
[Black "Mosconi, Ariel Oscar"]
[Result "0-1"]
[WhiteElo "1684"]
[BlackElo "2122"]
[PlyCount "72"]
[EventDate "2006.05.06"]

1. c4 e5 2. Nc3 Ne7 3. d3 Nec6 4. e3 g6 5. a3 a5 6. g3 Bg7 7. Bg2 O-O 8. Nge2
d6 9. O-O Be6 10. Rb1 Na6 11. Nd5 Qd7 12. Re1 Bh3 13. Bh1 Rae8 14. Nec3 f5 15.
f4 h6 16. Bd2 g5 17. Bg2 Bxg2 18. Kxg2 Nc5 19. Qc2 gxf4 20. exf4 Nd4 21. Qd1
Nxd3 22. Rf1 e4 23. Be3 c6 24. Nb6 Qc7 25. Nba4 Qf7 26. b3 Re6 27. Ne2 Nxe2 28.
Qxe2 b5 29. cxb5 cxb5 30. Nb6 Qb7 31. Qd2 d5 32. Nxd5 Qxd5 33. Qxa5 Ra8 34. Qc7
Rc6 35. Qe7 Rc2+ 36. Kh1 Re2 0-1

[Event "C.to Regionale Veneto"]
[Site "Arqua' Petrarca ITA"]
[Date "2006.05.14"]
[Round "6"]
[White "Bagolin, Renzo"]
[Black "Zangrando, Gianpietro"]
[Result "1-0"]
[WhiteElo "1700"]
[BlackElo "1939"]
[PlyCount "101"]
[EventDate "2006.05.06"]

1. c4 Nf6 2. Nc3 e5 3. Nf3 Nc6 4. d3 h6 5. g3 Bc5 6. Bg2 O-O 7. O-O Re8 8. Nd2
a6 9. a3 d6 10. b4 Bd4 11. Bb2 Rb8 12. e3 Ba7 13. Qc2 Bf5 14. Rac1 Qd7 15. Nd5
Re6 16. Nb3 Ne7 17. e4 Bg4 18. d4 c6 19. Ne3 Ng6 20. f3 Bh5 21. Bh3 Ne7 22.
Bxe6 Qxe6 23. Qe2 d5 24. cxd5 cxd5 25. exd5 Nexd5 26. Nxd5 Qxd5 27. Qc4 Bxf3
28. Qxd5 Bxd5 29. Nc5 e4 30. Rce1 Re8 31. Rf5 Bb8 32. Bc1 Bc6 33. Bxh6 Rd8 34.
Be3 Ng4 35. Bf4 g6 36. Rg5 Bxf4 37. Rxg4 Bd2 38. Rexe4 Bxe4 39. Nxe4 Be3+ 40.
Kg2 Bxd4 41. Nc5 Bxc5 42. bxc5 Rc8 43. Rc4 Rc6 44. Kf3 b6 45. Ke4 b5 46. Rc3
Kf8 47. Kd5 Rf6 48. c6 Rf5+ 49. Kd6 Rf2 50. c7 Rd2+ 51. Kc6 1-0

[Event "C.to Regionale Veneto"]
[Site "Arqua' Petrarca ITA"]
[Date "2006.05.14"]
[Round "6"]
[White "Carlassara, Renato"]
[Black "Guclu, Yaman"]
[Result "0-1"]
[WhiteElo "1841"]
[BlackElo "2027"]
[PlyCount "42"]
[EventDate "2006.05.06"]

1. e4 e5 2. Nf3 Nc6 3. Nc3 Nf6 4. d4 exd4 5. Nxd4 d6 6. Nxc6 bxc6 7. Bc4 Be7 8.
O-O O-O 9. Qf3 Nd7 10. Bb3 Kh8 11. Re1 f5 12. Bf4 g5 13. Be3 f4 14. Bd4+ Bf6
15. Bxf6+ Qxf6 16. Nd1 Ne5 17. Qc3 f3 18. g3 Be6 19. Ne3 a5 20. Bc4 Nxc4 21.
Nxc4 Qxc3 0-1

[Event "C.to Regionale Veneto"]
[Site "Arqua' Petrarca ITA"]
[Date "2006.05.14"]
[Round "6"]
[White "Caruso, Augusto"]
[Black "Pechy, Alaster"]
[Result "1/2-1/2"]
[WhiteElo "2274"]
[BlackElo "2199"]
[PlyCount "42"]
[EventDate "2006.05.06"]

1. e4 c5 2. Nc3 Nc6 3. Bb5 g6 4. Bxc6 dxc6 5. d3 Nf6 6. Be3 e5 7. Nge2 Nd7 8.
O-O Bg7 9. f4 exf4 10. Nxf4 O-O 11. Qe2 Qe7 12. Rae1 Re8 13. Qf2 b6 14. h3 Bb7
15. Nb1 Nf8 16. c3 Ne6 17. Qc2 Rad8 18. Rf3 Ba6 19. Nd2 Rd7 20. Nb3 Nxf4 21.
Bxf4 c4 1/2-1/2

[Event "C.to Regionale Veneto"]
[Site "Arqua' Petrarca ITA"]
[Date "2006.05.14"]
[Round "6"]
[White "Chiesa, Roberto"]
[Black "Belloni, Umberto"]
[Result "1/2-1/2"]
[WhiteElo "1680"]
[BlackElo "1915"]
[PlyCount "81"]
[EventDate "2006.05.06"]

1. d4 d5 2. c4 c6 3. Nc3 e6 4. Nf3 Be7 5. e4 dxe4 6. Nxe4 Nf6 7. Bd3 Nbd7 8.
O-O Nxe4 9. Bxe4 Bf6 10. Qe2 O-O 11. Be3 Qa5 12. c5 Qc7 13. Qc2 g6 14. Rac1 Bg7
15. g3 Re8 16. Rfd1 Nf6 17. Bf4 Qa5 18. Bd2 Qc7 19. Bd3 Nd5 20. Bc4 Bd7 21.
Bxd5 exd5 22. Bf4 Qc8 23. Re1 Bf5 24. Qc3 Qd7 25. Ne5 Bxe5 26. Bxe5 Qd8 27. Qd2
f6 28. Bd6 Qd7 29. Qf4 Kg7 30. f3 g5 31. Qd2 Rxe1+ 32. Rxe1 Re8 33. g4 Bg6 34.
h3 h5 35. Re3 Rxe3 36. Qxe3 Qe8 37. Qxe8 Bxe8 38. b4 Bd7 39. Kf2 Kg6 40. Kg3
hxg4 41. hxg4 1/2-1/2

[Event "C.to Regionale Veneto"]
[Site "Arqua' Petrarca ITA"]
[Date "2006.05.14"]
[Round "6"]
[White "Colpo, Raffaele"]
[Black "Bellini, Luca"]
[Result "0-1"]
[WhiteElo "1645"]
[BlackElo "1715"]
[PlyCount "52"]
[EventDate "2006.05.06"]

1. e4 e5 2. Nf3 Nc6 3. Bb5 Nf6 4. O-O d6 5. d4 Bd7 6. Re1 Be7 7. c3 O-O 8. h3
h6 9. Na3 Re8 10. b3 exd4 11. cxd4 d5 12. exd5 Nxd5 13. Bc4 Bf5 14. Ne5 Bb4 15.
Rf1 Bc3 16. Rb1 Nxe5 17. dxe5 Bxb1 18. Nxb1 Rxe5 19. Qf3 Bd4 20. Rd1 c5 21. Ba3
Qg5 22. Bc1 Qf5 23. Bxd5 Rxd5 24. Qxf5 Rxf5 25. Nd2 Rxf2 26. Nf3 Rxf3+ 0-1

[Event "C.to Regionale Veneto"]
[Site "Arqua' Petrarca ITA"]
[Date "2006.05.14"]
[Round "6"]
[White "Colusso, Enrico"]
[Black "Zanirato, Stefano"]
[Result "0-1"]
[WhiteElo "1733"]
[BlackElo "1979"]
[PlyCount "92"]
[EventDate "2006.05.06"]

1. e4 Nc6 2. Nc3 e5 3. Nf3 Bc5 4. Na4 Be7 5. Bb5 d6 6. d4 exd4 7. Nxd4 Bd7 8.
Nxc6 Bxc6 9. Bxc6+ bxc6 10. b3 Bf6 11. Bb2 Bxb2 12. Nxb2 Qf6 13. Rb1 Ne7 14.
O-O O-O 15. c4 c5 16. Na4 Nc6 17. Qd2 a5 18. Nc3 Nd4 19. Rfe1 c6 20. Re3 Qh6
21. Ne2 Nxe2+ 22. Qxe2 Rfe8 23. Rd1 Re6 24. e5 Kf8 25. Rxd6 Rxd6 26. exd6 Qxd6
27. Rd3 Qf6 28. h3 Re8 29. Qd2 g6 30. Rd6 Qa1+ 31. Kh2 Kg7 32. Rxc6 Re1 33.
Rxc5 Rh1+ 34. Kg3 Rd1 35. Qe2 Qc3+ 36. Kh2 Re1 37. Qf3 Qc1 38. g3 Re6 39. Qf4
Qb2 40. Kg2 Rf6 41. Qe3 Re6 42. Qf3 Qxa2 43. Rb5 a4 44. bxa4 Qxc4 45. Rb7 Rf6
46. Qe3 Qd5+ 0-1

[Event "C.to Regionale Veneto"]
[Site "Arqua' Petrarca ITA"]
[Date "2006.05.14"]
[Round "6"]
[White "Danieli, Enrico"]
[Black "Sanavio, Giancarlo"]
[Result "1-0"]
[WhiteElo "2143"]
[BlackElo "1808"]
[PlyCount "61"]
[EventDate "2006.05.06"]

1. d4 d5 2. Nf3 c5 3. e3 Nc6 4. b3 Bg4 5. Bb2 e6 6. Be2 Nf6 7. O-O cxd4 8. exd4
Bd6 9. Nbd2 O-O 10. c4 Rc8 11. a3 Bb8 12. c5 Qc7 13. g3 Rfe8 14. b4 a6 15. Re1
Ne4 16. Nxe4 dxe4 17. Ng5 Bf5 18. Bc4 Rcd8 19. Nxe4 Nxd4 20. Bxd4 e5 21. Nd6
Rxd6 22. cxd6 Qxc4 23. Rc1 Qb5 24. Rc5 Qd7 25. Rcxe5 Rd8 26. Re7 Qc6 27. Qf3
Bxd6 28. Qxc6 bxc6 29. Re8+ Rxe8 30. Rxe8+ Bf8 31. Bc5 1-0

[Event "C.to Regionale Veneto"]
[Site "Arqua' Petrarca ITA"]
[Date "2006.05.14"]
[Round "6"]
[White "De Marchi, Alessandro"]
[Black "Alessi, Giovanni"]
[Result "0-1"]
[WhiteElo "1600"]
[BlackElo "1640"]
[PlyCount "95"]
[EventDate "2006.05.06"]

1. d4 d5 2. c4 e6 3. Nc3 Be7 4. Nf3 Nf6 5. Bg5 O-O 6. e3 Nbd7 7. Rc1 b6 8. Be2
Bb7 9. O-O Rc8 10. cxd5 Nxd5 11. Bxe7 Nxe7 12. e4 Nf6 13. e5 Nfd5 14. a3 a6 15.
Bd3 h6 16. Qe1 Nf4 17. Be4 Bxe4 18. Qxe4 Nfd5 19. g4 Ng6 20. Kh1 Ndf4 21. Ne2
Qd5 22. Qxd5 Nxd5 23. Nc3 Ngf4 24. Nxd5 Nxd5 25. g5 Kh7 26. Rg1 Nf4 27. Rg4 Nd3
28. Rc2 h5 29. Rh4 Kg6 30. Rd2 Nc1 31. d5 exd5 32. Rxd5 Rfd8 33. Rhd4 Rxd5 34.
Rxd5 Ne2 35. h4 Nf4 36. Rd7 Ne6 37. Nd4 Nxd4 38. Rxd4 Kf5 39. Rd7 Ke6 40. Rd3
Kxe5 41. Rd7 Ke6 42. Rd3 c5 43. Kg2 Rc7 44. Kf3 Rd7 45. Re3+ Kf5 46. Ke2 Rd4
47. Rf3+ Rf4 48. Rd3 0-1

[Event "C.to Regionale Veneto"]
[Site "Arqua' Petrarca ITA"]
[Date "2006.05.14"]
[Round "6"]
[White "Fracasso Pezzolato, Michele"]
[Black "Quaranta, Cristiano"]
[Result "0-1"]
[WhiteElo "1945"]
[BlackElo "2083"]
[PlyCount "64"]
[EventDate "2006.05.06"]

1. e4 c5 2. Nc3 Nc6 3. f4 g6 4. Nf3 Bg7 5. g3 e6 6. Bg2 Nge7 7. d3 O-O 8. Be3
Nd4 9. O-O Rb8 10. Rb1 b5 11. Ne2 Nec6 12. c3 Nxf3+ 13. Bxf3 d6 14. g4 Ne7 15.
Qe1 f5 16. g5 Bb7 17. Ng3 Qc7 18. h4 fxe4 19. dxe4 e5 20. Bg4 exf4 21. Be6+ Kh8
22. Bxf4 Be5 23. Bxe5+ dxe5 24. Rd1 Qb6 25. Bd5 c4+ 26. Kh2 Rf4 27. Rxf4 exf4
28. Ne2 Nxd5 29. exd5 Qd6 30. Rd4 Re8 31. Qf2 f3+ 32. Nf4 Re2 0-1

[Event "C.to Regionale Veneto"]
[Site "Arqua' Petrarca ITA"]
[Date "2006.05.14"]
[Round "6"]
[White "Gallo, Enrico"]
[Black "Casciello, Dimitri"]
[Result "1/2-1/2"]
[WhiteElo "2096"]
[BlackElo "2010"]
[PlyCount "91"]
[EventDate "2006.05.06"]

1. e4 c5 2. Nc3 Nc6 3. g3 g6 4. Bg2 Bg7 5. d3 e6 6. Be3 d6 7. Nge2 Nge7 8. Qd2
Nd4 9. Nf4 Qa5 10. O-O Bd7 11. h4 h5 12. a3 Nec6 13. b4 cxb4 14. axb4 Qc7 15.
Rab1 Ne7 16. Rfc1 Rc8 17. Nd1 O-O 18. c3 Nb5 19. Rb3 Nd4 20. Rbb1 Nb5 21. Ne2
Nc6 22. Bh6 Bxh6 23. Qxh6 Ne5 24. c4 Nxd3 25. cxb5 Nxc1 26. Rxc1 Qb6 27. Rxc8
Rxc8 28. Ne3 Qxb5 29. Nf4 Qe5 30. g4 Rc1+ 31. Nf1 hxg4 32. Nd3 Rxf1+ 33. Bxf1
Qxe4 34. Qe3 Qxe3 35. fxe3 Kg7 36. Kf2 f5 37. Nb2 b5 38. Bg2 Kf6 39. Nd3 e5 40.
Bd5 Be8 41. Kg3 Bd7 42. Nf2 g5 43. hxg5+ Kxg5 44. Nd3 Kf6 45. Nf2 Kg5 46. Nd3
1/2-1/2

[Event "C.to Regionale Veneto"]
[Site "Arqua' Petrarca ITA"]
[Date "2006.05.14"]
[Round "6"]
[White "Gennari, Leone"]
[Black "Dussin, Davide"]
[Result "1-0"]
[WhiteElo "2035"]
[BlackElo "1718"]
[PlyCount "75"]
[EventDate "2006.05.06"]

1. d4 Nf6 2. c4 g6 3. Nc3 Bg7 4. e4 d6 5. f3 O-O 6. Be3 e5 7. d5 c6 8. Qd2 cxd5
9. cxd5 Qa5 10. Bd3 Na6 11. Nge2 Bd7 12. O-O Nc5 13. Bc2 Rac8 14. a3 Qc7 15. b4
Na6 16. Bd3 Qb8 17. Rfc1 Nh5 18. Rc2 f5 19. Rac1 f4 20. Bf2 g5 21. Nb5 b6 22.
Nxd6 Rxc2 23. Rxc2 Qxd6 24. Bxa6 g4 25. fxg4 Bxg4 26. Rc6 Qd7 27. Nc3 f3 28. g3
Kh8 29. Kf1 Bh3+ 30. Ke1 Nf6 31. Bb5 Ng4 32. Rxb6 Qf7 33. Ra6 Qh5 34. Nd1 Bh6
35. Qc3 Nxh2 36. Rxa7 Ng4 37. Qc7 Bd2+ 38. Kxd2 1-0

[Event "C.to Regionale Veneto"]
[Site "Arqua' Petrarca ITA"]
[Date "2006.05.14"]
[Round "6"]
[White "Mileto, Gabriele"]
[Black "Rossi, Carlo"]
[Result "1/2-1/2"]
[WhiteElo "2182"]
[BlackElo "2341"]
[PlyCount "23"]
[EventDate "2006.05.06"]

1. d4 Nc6 2. Nf3 d6 3. e4 Nf6 4. Nc3 Bg4 5. Be3 e6 6. h3 Bh5 7. Be2 d5 8. exd5
exd5 9. Ne5 Bxe2 10. Qxe2 Be7 11. Qb5 O-O 12. Qxb7 1/2-1/2

[Event "C.to Regionale Veneto"]
[Site "Arqua' Petrarca ITA"]
[Date "2006.05.14"]
[Round "6"]
[White "Pomaro, Alberto"]
[Black "Danese, Aldo"]
[Result "1-0"]
[WhiteElo "2011"]
[BlackElo "1946"]
[PlyCount "69"]
[EventDate "2006.05.06"]

1. d4 b6 2. e4 Bb7 3. f3 e6 4. Bd3 Bb4+ 5. c3 Be7 6. Ne2 d5 7. O-O Nd7 8. e5 c5
9. f4 g6 10. g4 h5 11. f5 gxf5 12. gxf5 Bg5 13. fxe6 Nh6 14. exd7+ Kxd7 15. Ng3
Bxc1 16. Qxc1 Qe7 17. Qf4 Rag8 18. Kh1 h4 19. Nf5 Nxf5 20. Qxf5+ Ke8 21. Bb5+
Kf8 22. e6 Rg7 23. Qxf7+ Rxf7 24. Rxf7+ Qxf7 25. exf7 Kxf7 26. Nd2 cxd4 27.
cxd4 Rc8 28. Bd3 Re8 29. Rf1+ Kg7 30. Nf3 Re3 31. Ne5 Bc8 32. Kg2 Be6 33. Kf2
Rh3 34. Rh1 Kf6 35. Bf1 1-0

[Event "C.to Regionale Veneto"]
[Site "Arqua' Petrarca ITA"]
[Date "2006.05.14"]
[Round "6"]
[White "Pomaro, Stefano"]
[Black "Ravagnani, Tiziano"]
[Result "0-1"]
[WhiteElo "1933"]
[BlackElo "2055"]
[PlyCount "58"]
[EventDate "2006.05.06"]

1. e4 c5 2. Be2 Nc6 3. Nf3 g6 4. c3 Bg7 5. O-O d5 6. exd5 Qxd5 7. Na3 Nf6 8. d4
cxd4 9. Nb5 Qd8 10. Nbxd4 O-O 11. h3 Nxd4 12. Nxd4 a6 13. Bf3 e5 14. Nb3 Qc7
15. Be3 Bf5 16. Qe2 Rad8 17. Rfd1 h5 18. g4 hxg4 19. hxg4 Be6 20. Nc5 Bd5 21.
Bxd5 Nxd5 22. Ne4 f5 23. gxf5 gxf5 24. Ng5 f4 25. Qh5 Nf6 26. Qg6 fxe3 27. Rxd8
exf2+ 28. Kg2 Qxd8 29. Rh1 Qd5+ 0-1

[Event "C.to Regionale Veneto"]
[Site "Arqua' Petrarca ITA"]
[Date "2006.05.14"]
[Round "6"]
[White "Quaranta, Gaetano"]
[Black "Zanini, Andrea"]
[Result "1-0"]
[WhiteElo "1619"]
[BlackElo "1700"]
[PlyCount "75"]
[EventDate "2006.05.06"]

1. e4 e5 2. Nf3 d5 3. exd5 e4 4. Qe2 Qe7 5. Nd4 Nf6 6. Nc3 Nbd7 7. Nf5 Qe5 8.
Ne3 Bc5 9. d3 exd3 10. Qxd3 Nb6 11. Be2 Bd7 12. O-O O-O-O 13. a4 Bd6 14. f4 Qe7
15. a5 Na8 16. Bd2 a6 17. Rae1 Bc5 18. Kh1 Bb4 19. Bf3 Qc5 20. Ne4 Nxe4 21.
Bxb4 Qxb4 22. Bxe4 Rde8 23. Nc4 g6 24. c3 Qb3 25. d6 c6 26. Ne5 f5 27. Bf3 Qe6
28. Qd4 b6 29. axb6 Kb7 30. Qa4 Nxb6 31. Bxc6+ Ka7 32. Qd4 Qb3 33. Bxd7 Reg8
34. Nc6+ Ka8 35. Re7 Qc4 36. Qxc4 Nxc4 37. Be6 Nd2 38. Ra7# 1-0

[Event "C.to Regionale Veneto"]
[Site "Arqua' Petrarca ITA"]
[Date "2006.05.14"]
[Round "6"]
[White "Roberti, Ignazio"]
[Black "Tegani, Andrea"]
[Result "1-0"]
[WhiteElo "1946"]
[BlackElo "1398"]
[PlyCount "43"]
[EventDate "2006.05.06"]

1. Nf3 d5 2. c4 c6 3. b3 Nf6 4. Bb2 Bf5 5. e3 Nbd7 6. d4 e6 7. Bd3 Bxd3 8. Qxd3
Be7 9. Nbd2 O-O 10. O-O Qc7 11. Ne5 Nxe5 12. dxe5 Nd7 13. f4 Bc5 14. Kh1 Qb6
15. Rf3 Rfd8 16. f5 d4 17. fxe6 Nxe5 18. exf7+ Kf8 19. Qxh7 Nxf3 20. Nxf3 Kxf7
21. Ng5+ Ke7 22. Qxg7+ 1-0

[Event "C.to Regionale Veneto"]
[Site "Arqua' Petrarca ITA"]
[Date "2006.05.14"]
[Round "6"]
[White "Rossato, Armando"]
[Black "Bonafede, Alessandro"]
[Result "0-1"]
[WhiteElo "2087"]
[BlackElo "2161"]
[PlyCount "56"]
[EventDate "2006.05.06"]

1. d4 f5 2. g3 Nf6 3. Bg2 g6 4. c4 Bg7 5. Nc3 d6 6. Nh3 Nc6 7. O-O O-O 8. Re1
Qe8 9. Nb5 Qd8 10. f4 Na5 11. Qd3 c6 12. Nc3 d5 13. c5 b6 14. e3 bxc5 15. dxc5
Nb7 16. b4 a5 17. Ba3 axb4 18. Bxb4 Na5 19. Ng5 h6 20. Nf3 Ne4 21. Rad1 Nc4 22.
Qc2 Rb8 23. a3 Nxa3 24. Bxa3 Bxc3 25. Nd4 Bxd4 26. Rxd4 Qa5 27. Qc1 Rb3 28.
Bxe4 fxe4 0-1

[Event "C.to Regionale Veneto"]
[Site "Arqua' Petrarca ITA"]
[Date "2006.05.14"]
[Round "6"]
[White "Santacaterina, Pietro"]
[Black "Battiston, Gianfranco"]
[Result "1/2-1/2"]
[WhiteElo "1598"]
[BlackElo "1652"]
[PlyCount "124"]
[EventDate "2006.05.06"]

1. d4 d5 2. c4 dxc4 3. Nf3 Nf6 4. Nc3 e6 5. Bg5 Be7 6. e3 Nc6 7. Bxc4 h6 8. Bh4
a6 9. O-O b5 10. Bd3 Bb7 11. a3 O-O 12. Rc1 Na5 13. Ne5 Rc8 14. b4 Nc6 15. Nxc6
Bxc6 16. Bb1 Bb7 17. Qd3 g6 18. Bg3 Nd5 19. Nxd5 Bxd5 20. Qd2 Kg7 21. Rc3 Bb7
22. Be5+ Bf6 23. Rc5 Bxe5 24. Rxe5 Qd6 25. Ba2 Rfd8 26. Qb2 Kh7 27. Rc5 Rd7 28.
Rfc1 Qe7 29. g3 Qf6 30. Qe2 Bf3 31. Qf1 Be4 32. f4 Kg7 33. Qh3 Bd3 34. Qg2 h5
35. Qb7 Qd8 36. R1c3 Bf5 37. Qxa6 Be4 38. Qxb5 c6 39. Qe2 Rb8 40. Bc4 Ra8 41.
b5 cxb5 42. Bxb5 Rb7 43. Bc6 Bxc6 44. Rxc6 Rb1+ 45. Kf2 Rab8 46. Rc2 Rh1 47.
Kg2 Rbb1 48. R6c5 Qa8+ 49. Kh3 Qxa3 50. R5c3 Qd6 51. g4 Rbe1 52. Qf3 hxg4+ 53.
Qxg4 Qd5 54. Rg2 Rhf1 55. Qg5 Rf3+ 56. Rg3 Rxg3+ 57. Qxg3 Qh5+ 58. Qh4 Qf3+ 59.
Qg3 Qh5+ 60. Kg2 Qe2+ 61. Qf2 Qg4+ 62. Qg3 Qe2+ 1/2-1/2

[Event "C.to Regionale Veneto"]
[Site "Arqua' Petrarca ITA"]
[Date "2006.05.14"]
[Round "6"]
[White "Solinas, Carlo"]
[Black "Panciera, Fabio"]
[Result "1-0"]
[WhiteElo "2068"]
[BlackElo "1757"]
[PlyCount "81"]
[EventDate "2006.05.06"]

1. e4 c6 2. Nc3 d5 3. Qf3 dxe4 4. Nxe4 Nd7 5. d4 Ndf6 6. c3 Nxe4 7. Qxe4 Nf6 8.
Qf3 Bg4 9. Qg3 h5 10. h3 Bf5 11. Nf3 e6 12. Ne5 h4 13. Qe3 Be7 14. Bd3 Bxd3 15.
Qxd3 Nd7 16. Nf3 Qa5 17. O-O O-O-O 18. b4 Qh5 19. a4 g5 20. b5 c5 21. Nh2 Bd6
22. f3 f5 23. a5 Rdg8 24. dxc5 Bxc5+ 25. Be3 Qf7 26. Bxc5 Nxc5 27. Qc4 Qe7 28.
a6 b6 29. Rfe1 Rd8 30. Re2 Rd6 31. Rae1 Rhd8 32. Nf1 Rd1 33. Rxe6 Rxe1 34. Rxe7
Rxe7 35. f4 Re4 36. Qf7 Rd7 37. Qf8+ Kc7 38. Qa8 Kd6 39. Qc6+ Ke7 40. fxg5 Re6
41. Qf3 1-0

[Event "C.to Regionale Veneto"]
[Site "Arqua' Petrarca ITA"]
[Date "2006.05.14"]
[Round "6"]
[White "Troise, Salvatore"]
[Black "Rosina, Graziano"]
[Result "0-1"]
[WhiteElo "1679"]
[BlackElo "1772"]
[PlyCount "78"]
[EventDate "2006.05.06"]

1. e4 e5 2. Nf3 Nf6 3. Nc3 Nc6 4. Bb5 Bb4 5. O-O Bxc3 6. bxc3 d6 7. d4 O-O 8.
d5 Na5 9. Bd3 c5 10. c4 Bg4 11. Bd2 Qc7 12. h3 Bh5 13. g4 Bg6 14. Qe1 b6 15.
Nh2 Rae8 16. h4 h5 17. f3 Nb7 18. Qg3 Qd7 19. g5 Nh7 20. f4 exf4 21. Rxf4 Qe7
22. Bc3 Qd8 23. Raf1 Re7 24. Nf3 Rfe8 25. Nd2 Nf8 26. Qf3 Nd7 27. Kg2 Ne5 28.
Qg3 Qd7 29. Nf3 Qa4 30. Nxe5 dxe5 31. R4f2 Nd6 32. Rf5 Bxf5 33. exf5 e4 34.
Qxd6 exd3 35. cxd3 Qc2+ 36. Rf2 Qxc3 37. f6 Re2 38. Qg3 Rxf2+ 39. Qxf2 Qxd3 0-1